000
00250nam a2200097Ia 4500
001
1253376
005
20251031150952.0
008
251031s9999 xx 000 0 und d
245
0
_c
AYDIN USTA
_a
Y-5 SELÇUKLU SULTANLARI
260
_b
YEDİTEPE YAYINLARI
999
_c
1253376
_d
1253376